000 00459cam a2200157 4500500
005 20251012032454.0
041 _afre
042 _adc
100 1 0 _aAlberti, Rafael
_eauthor
700 1 0 _a Sesé, Bernard
_eauthor
245 0 0 _aLes Anges collégiens
260 _c2000.
500 _a8
786 0 _nSigila | 5 | 1 | 2000-06-20 | p. 173-173 | 1286-1715
856 4 1 _uhttps://shs.cairn.info/revue-sigila-2000-1-page-173?lang=fr&redirect-ssocas=7080
999 _c1547342
_d1547342